Allgemeines europäisches Journal

Bibliographic Details
Other Authors: Trassler, Josef Jiří, 1759-1816 (Printer)
Format: Journal
Language:German
PhysicalDescription:21 cm
Subjects:

MARC

LEADER 00000nas a2200000 4500
001 vtls012272463
003 SK-MaSNL
005 20260228155848.0
008 250304d17941798xr mr p 000 b0ger
015 |a SNBHFB 
040 |a SNKHF  |b slo  |c SNKHF  |e rda 
041 0 |a ger 
043 |a e------ 
044 |a xr  |c CZ 
072 7 |a 00  |x Veda. Všeobecnosti. Základy vedy a kultúry. Vedecká práca  |2 konspekt 
080 |a (051)-048.55  |2 2011 
080 |a 0/9  |2 2011 
080 |a (4)  |2 2011 
245 0 0 |a Allgemeines europäisches Journal 
264 3 |a Brünn  |b bei Joseph Georg Trassler  |c 1794-[1798] 
300 |c 21 cm 
310 |a 1x mesačne 
336 |a text  |b txt  |2 rdacontent 
337 |a bez média  |b n  |2 rdamedia 
338 |a zväzok  |b nc  |2 rdacarrierr 
362 0 |a Rok 1794-[rok 1798]  |z ZDB/2025 
546 |a Nemčina  |b Fraktúra 
561 |a Proveniencia: pečiatka Dr. E. Kadarász - ver. not. poz. Margity Zayovej Čís.10040-10044.  |5 SNK ČC 4416/1794 
561 |a Proveniencia: pečiatka Dr. E. Kadarász - ver. not. poz. Margity Zayovej Čís.10045-10056.  |5 SNK ČC 4416/1795 
561 |a Proveniencia: pečiatka Dr. E. Kadarász - ver. not. poz. Margity Zayovej Čís.10057-10063.  |5 SNK ČC 4416/1796 
561 |a Proveniencia: pečiatka Dr. E. Kadarász - ver. not. poz. Margity Zayovej Čís.10064-10075.  |5 SNK ČC 4416/1797 
588 |a Popis podľa: Band 1 (1794) 
650 0 7 |a všeobecnosti  |2 SNKPH  |9 265488 
651 7 |a Európa  |2 SNKPHgeo  |9 167569 
655 7 |a špecializované časopisy  |2 SNKPH  |9 70509 
700 1 |a Trassler, Josef Jiří,  |d 1759-1816  |4 prt  |9 169560 
752 |a Česko  |d Brno 
852 |a snk  |b Zaiova knižnica: Zay 9665-9669  |p ČC 4416/1794 
852 |a snk  |b Zaiova knižnica: Zay 9670-9681  |p ČC 4416/1795 
852 |a snk  |b Zaiova knižnica: Zay 9682-9688  |p ČC 4416/1796 
852 |a snk  |b Zaiova knižnica: Zay 9689-9700  |p ČC 4416/1797 
958 |a DD 
999 |c 762  |d 762 
952 |0 0  |1 0  |4 0  |7 0  |8 5  |a SNK  |b SNK  |c SNK_HF  |d 2025-03-04  |i snk2025/3791  |l 0  |o snkČC 4416/1794  |p 17A1489433  |r 2026-02-21 22:34:00  |t Zay 9665-9669  |w 2026-02-21  |y PREZ 
952 |0 0  |1 0  |4 0  |7 0  |8 5  |a SNK  |b SNK  |c SNK_HF  |d 2025-03-04  |i snk2025/3792  |l 0  |o snkČC 4416/1795  |p 17A1489434  |r 2026-02-21 22:34:00  |t Zay 9670-9681  |w 2026-02-21  |y PREZ 
952 |0 0  |1 0  |4 0  |7 0  |8 5  |a SNK  |b SNK  |c SNK_HF  |d 2025-03-04  |i snk2025/3793  |l 0  |o snkČC 4416/1796  |p 17A1489435  |r 2026-02-21 22:34:00  |t Zay 9682-9688  |w 2026-02-21  |y PREZ 
952 |0 0  |1 0  |4 0  |7 0  |8 5  |a SNK  |b SNK  |c SNK_HF  |d 2025-03-04  |i snk2025/3794  |l 0  |o snkČC 4416/1797  |p 17A1489436  |r 2026-02-21 22:34:00  |t Zay 9689-9700  |w 2026-02-21  |y PREZ